[Event "European Online Club-ch-B 2021"]
[Site "Online"]
[Date "2021.03.27"]
[Round "4.18"]
[White "Fontaine, Robert"]
[Black "Svane, Rasmus"]
[Result "1-0"]
[WhiteElo "2550"]
[BlackElo "2613"]
[Annotator "ChessBase"]
[PlyCount "181"]
[EventDate "2021.03.27"]
[EventType "team-tourn"]
[EventCountry "NET"]
[SourceTitle "playchess.com"]
[Source "ChessBase"]
[SourceQuality "1"]
[TimeControl "900+5"]

1. e4 {[%emt 0:00:00]} c6 {[%emt 0:00:02]} 2. d4 {[%emt 0:00:02]} d5 {[%emt 0:00:02]} 3. Nd2 {[%emt 0:00:01]} dxe4 {[%emt 0:00:02]} 4. Nxe4 {[%emt 0:00:02]} Nf6 {[%emt 0:00:01]} 5. Nxf6+ {[%emt 0:00:01]} exf6 {[%emt 0:00:00]} 6. c3 {[%emt 0:00:01]} Bd6 {[%emt 0:00:01]} 7. Bd3 {[%emt 0:00:01]} O-O {[%emt 0:00:01]} 8. Ne2 {[%emt 0:00:01]} Re8 {[%emt 0:00:02]} 9. O-O {[%emt 0:00:01]} Nd7 {[%emt 0:00:05]} 10. Bf4 {[%emt 0:00:14]} Nf8 {[%emt 0:00:04]} 11. Qd2 {[%emt 0:00:05]} Be6 {[%emt 0:00:58]} 12. Rfe1 {[%emt 0:00:06]} Ng6 {[%emt 0:00:21]} 13. Bg3 {[%emt 0:00:08]} Qd7 {[%emt 0:00:24]} 14. a3 {[%emt 0:00:22]} Rad8 {[%emt 0:00:12]} 15. Rad1 {[%emt 0:00:33]} Bb3 {[%emt 0:00:52]} 16. Bc2 {[%emt 0:00:04]} Bd5 {[%emt 0:00:06]} 17. Bxd6 {[%emt 0:00:35]} Qxd6 {[%emt 0:00:06]} 18. Ng3 {[%emt 0:01:08]} Qf4 {[%emt 0:05:55]} 19. Qxf4 {[%emt 0:00:16]} Nxf4 {[%emt 0:00:00]} 20. f3 {[%emt 0:00:07]} g6 {[%emt 0:00:31]} 21. Kf2 {[%emt 0:00:03]} f5 {[%emt 0:00:21]} 22. Nf1 {[%emt 0:00:16]} Kg7 {[%emt 0:00:38]} 23. h4 {[%emt 0:00:23]} Be6 {[%emt 0:00:26]} 24. Re5 {[%emt 0:00:52]} Rd6 {[%emt 0:00:28]} 25. Rde1 {[%emt 0:00:13]} Red8 {[%emt 0:00:02]} 26. g3 {[%emt 0:00:06]} Nd5 {[%emt 0:00:08]} 27. Nd2 {[%emt 0:01:27]} Nb6 {[%emt 0:00:27]} 28. R5e2 {[%emt 0:00:54]} R6d7 {[%emt 0:01:35]} 29. f4 {[%emt 0:00:32]} h6 {[%emt 0:00:14]} 30. Nf3 {[%emt 0:00:23]} Rc7 {[%emt 0:00:38]} 31. h5 {[%emt 0:00:29]} gxh5 {[%emt 0:00:26]} 32. Nh4 {[%emt 0:00:19]} Kf6 {[%emt 0:00:04]} 33. Bd3 {[%emt 0:01:48]} c5 {[%emt 0:00:29]} 34. dxc5 {[%emt 0:00:02]} Rxc5 {[%emt 0:00:13]} 35. Bb1 {[%emt 0:00:23]} Bc4 {[%emt 0:00:38]} 36. Re5 {[%emt 0:00:05]} Rd2+ {[%emt 0:00:03]} 37. Ke3 {[%emt 0:00:27]} Rcd5 {[%emt 0:00:23]} 38. Rxf5+ {[%emt 0:00:02]} Rxf5 {[%emt 0:00:10]} 39. Kxd2 {[%emt 0:00:05]} Rb5 {[%emt 0:00:06]} 40. b4 {[%emt 0:00:22]} Rd5+ {[%emt 0:00:02]} 41. Ke3 {[%emt 0:00:31]} Bb5 {[%emt 0:00:10]} 42. Nf3 {[%emt 0:00:38]} Nc4+ {[%emt 0:00:24]} 43. Kf2 {[%emt 0:00:01]} Rd7 {[%emt 0:00:19]} 44. Nd4 {[%emt 0:00:33]} Bc6 {[%emt 0:00:07]} 45. Ba2 {[%emt 0:00:37]} Nxa3 {[%emt 0:00:12]} 46. Re5 {[%emt 0:00:02]} a6 {[%emt 0:00:14]} 47. Rxh5 {[%emt 0:00:10]} Nb5 {[%emt 0:00:02]} 48. Rxh6+ {[%emt 0:00:11]} Kg7 {[%emt 0:00:06]} 49. Nf5+ {[%emt 0:00:03]} Kg8 {[%emt 0:00:02]} 50. c4 {[%emt 0:01:42]} Nc3 {[%emt 0:00:08]} 51. Bb3 {[%emt 0:00:02]} Rd3 {[%emt 0:00:02]} 52. Ne7+ {[%emt 0:00:23]} Kg7 {[%emt 0:00:02]} 53. Nf5+ {[%emt 0:00:01]} Kg8 {[%emt 0:00:01]} 54. Ne7+ {[%emt 0:00:01]} Kf8 {[%emt 0:00:14]} 55. Nxc6 {[%emt 0:00:26]} bxc6 {[%emt 0:00:02]} 56. Ke1 {[%emt 0:00:01]} Ne4 {[%emt 0:00:13]} 57. Bc2 {[%emt 0:00:10]} Rxg3 {[%emt 0:00:03]} 58. Rxc6 {[%emt 0:00:06]} f5 {[%emt 0:00:06]} 59. Bxe4 {[%emt 0:00:09]} Re3+ {[%emt 0:00:05]} 60. Kf2 {[%emt 0:00:02]} Rxe4 {[%emt 0:00:01]} 61. Kf3 {[%emt 0:00:02]} Ke7 {[%emt 0:00:03]} 62. b5 {[%emt 0:00:10]} axb5 {[%emt 0:00:02]} 63. cxb5 {[%emt 0:00:02]} Rb4 {[%emt 0:00:06]} 64. b6 {[%emt 0:00:07]} Kd7 {[%emt 0:00:05]} 65. Rf6 {[%emt 0:00:03]} Rb3+ {[%emt 0:00:04]} 66. Ke2 {[%emt 0:00:04]} Ke7 {[%emt 0:00:01]} 67. Rh6 {[%emt 0:00:02]} Kd7 {[%emt 0:00:02]} 68. Kf2 {[%emt 0:00:15]} Rb2+ {[%emt 0:00:15]} 69. Kg3 {[%emt 0:00:01]} Rb4 {[%emt 0:00:03]} 70. b7 {[%emt 0:00:25]} Kc7 {[%emt 0:00:03]} 71. Rh7+ {[%emt 0:00:02]} Kb8 {[%emt 0:00:02]} 72. Rf7 {[%emt 0:00:01]} Ka7 {[%emt 0:00:13]} 73. Rxf5 {[%emt 0:00:02]} Kxb7 {[%emt 0:00:02]} 74. Rc5 {[%emt 0:00:01]} Kb6 {[%emt 0:00:13]} 75. Rc3 {[%emt 0:00:06]} Rb1 {[%emt 0:00:07]} 76. Kg4 {[%emt 0:00:01]} Rg1+ {[%emt 0:00:02]} 77. Kf5 {[%emt 0:00:02]} Rf1 {[%emt 0:00:01]} 78. Ke5 {[%emt 0:00:02]} Re1+ {[%emt 0:00:02]} 79. Kf6 {[%emt 0:00:01]} Rf1 {[%emt 0:00:01]} 80. f5 {[%emt 0:00:01]} Kb7 {[%emt 0:00:07]} 81. Ke6 {[%emt 0:00:03]} Re1+ {[%emt 0:00:02]} 82. Kf7 {[%emt 0:00:01]} Rf1 {[%emt 0:00:00]} 83. f6 {[%emt 0:00:03]} Rd1 {[%emt 0:00:23]} 84. Kg7 {[%emt 0:00:05]} Rg1+ {[%emt 0:00:02]} 85. Kf8 {[%emt 0:00:02]} Rf1 {[%emt 0:00:04]} 86. f7 {[%emt 0:00:02]} Rf2 {[%emt 0:00:01]} 87. Rc4 {[%emt 0:00:30]} Rf1 {[%emt 0:00:06]} 88. Ke7 {[%emt 0:00:08]} Re1+ {[%emt 0:00:01]} 89. Kf6 {[%emt 0:00:02]} Rf1+ {[%emt 0:00:02]} 90. Ke6 {[%emt 0:00:01]} Rf2 {[%emt 0:00:03]} 91. Rc5 {[%emt 0:00:09]} 1-0

[Event "European Online Club-ch-B 2021"]
[Site "Online"]
[Date "2021.03.27"]
[Round "4.19"]
[White "Hansen, Sune Berg"]
[Black "Sokolov, Andrei"]
[Result "1/2-1/2"]
[WhiteElo "2533"]
[BlackElo "2516"]
[Annotator "ChessBase"]
[PlyCount "109"]
[EventDate "2021.03.27"]
[EventType "team-tourn"]
[EventCountry "NET"]
[SourceTitle "playchess.com"]
[Source "ChessBase"]
[SourceQuality "1"]
[TimeControl "900+5"]

1. d4 {[%emt 0:00:00]} Nf6 {[%emt 0:00:07]} 2. Bf4 {[%emt 0:00:03]} e6 {[%emt 0:00:07]} 3. e3 {[%emt 0:00:03]} d5 {[%emt 0:00:20]} 4. Nd2 {[%emt 0:00:06]} Bd6 {[%emt 0:00:04]} 5. Bg3 {[%emt 0:00:04]} O-O {[%emt 0:00:11]} 6. Ngf3 {[%emt 0:00:07]} c5 {[%emt 0:00:08]} 7. c3 {[%emt 0:00:04]} Qc7 {[%emt 0:00:06]} 8. dxc5 {[%emt 0:01:11]} Bxg3 {[%emt 0:00:34]} 9. hxg3 {[%emt 0:00:04]} Nbd7 {[%emt 0:00:27]} 10. c4 {[%emt 0:00:19]} dxc4 {[%emt 0:00:33]} 11. Bxc4 {[%emt 0:00:06]} Nxc5 {[%emt 0:02:22]} 12. Rc1 {[%emt 0:00:45]} Qb6 {[%emt 0:02:10]} 13. Qc2 {[%emt 0:00:53]} Bd7 {[%emt 0:00:27]} 14. g4 {[%emt 0:04:34]} h6 {[%emt 0:00:04]} 15. g5 {[%emt 0:00:04]} hxg5 {[%emt 0:00:03]} 16. Nxg5 {[%emt 0:00:02]} Rfc8 {[%emt 0:00:02]} 17. O-O {[%emt 0:01:46]} Bb5 {[%emt 0:00:48]} 18. Rfd1 {[%emt 0:00:12]} Ncd7 {[%emt 0:00:31]} 19. Nge4 {[%emt 0:01:18]} Nxe4 {[%emt 0:00:46]} 20. Qxe4 {[%emt 0:00:05]} Nf6 {[%emt 0:00:21]} 21. Qb1 {[%emt 0:00:05]} Rd8 {[%emt 0:01:46]} 22. Bxb5 {[%emt 0:00:26]} Qxb5 {[%emt 0:00:03]} 23. Qc2 {[%emt 0:00:28]} Qd3 {[%emt 0:01:16]} 24. Qxd3 {[%emt 0:00:45]} Rxd3 {[%emt 0:00:03]} 25. Kf1 {[%emt 0:00:24]} Rad8 {[%emt 0:00:15]} 26. Ke2 {[%emt 0:00:03]} Kf8 {[%emt 0:00:18]} 27. Nc4 {[%emt 0:00:03]} Rxd1 {[%emt 0:00:10]} 28. Rxd1 {[%emt 0:00:03]} Rxd1 {[%emt 0:00:30]} 29. Kxd1 {[%emt 0:00:02]} Ne8 {[%emt 0:00:47]} 30. e4 {[%emt 0:00:28]} Ke7 {[%emt 0:00:48]} 31. Na5 {[%emt 0:00:23]} Nd6 {[%emt 0:00:28]} 32. e5 {[%emt 0:00:14]} Ne4 {[%emt 0:00:06]} 33. f3 {[%emt 0:00:23]} Nc5 {[%emt 0:00:14]} 34. Kd2 {[%emt 0:00:39]} Kd7 {[%emt 0:00:05]} 35. b4 {[%emt 0:00:11]} Na6 {[%emt 0:00:20]} 36. a3 {[%emt 0:00:48]} b6 {[%emt 0:00:09]} 37. Nc4 {[%emt 0:00:03]} Nc7 {[%emt 0:00:10]} 38. Kd3 {[%emt 0:00:27]} f5 {[%emt 0:00:09]} 39. exf6 {[%emt 0:00:05]} gxf6 {[%emt 0:00:01]} 40. Ne3 {[%emt 0:00:19]} b5 {[%emt 0:00:23]} 41. g4 {[%emt 0:00:04]} Kd6 {[%emt 0:00:04]} 42. f4 {[%emt 0:00:03]} Na8 {[%emt 0:00:06]} 43. g5 {[%emt 0:00:04]} fxg5 {[%emt 0:00:02]} 44. fxg5 {[%emt 0:00:01]} Ke5 {[%emt 0:00:04]} 45. Nc2 {[%emt 0:00:07]} Nb6 {[%emt 0:00:06]} 46. Nd4 {[%emt 0:00:02]} a6 {[%emt 0:00:02]} 47. g6 {[%emt 0:00:11]} Kf6 {[%emt 0:00:02]} 48. g7 {[%emt 0:00:01]} Kxg7 {[%emt 0:00:01]} 49. Nxe6+ {[%emt 0:00:02]} Kf6 {[%emt 0:00:03]} 50. Nc7 {[%emt 0:00:01]} Nc4 {[%emt 0:00:02]} 51. Nxa6 {[%emt 0:00:01]} Nxa3 {[%emt 0:00:02]} 52. Kc3 {[%emt 0:00:07]} Ke5 {[%emt 0:00:04]} 53. Nc7 {[%emt 0:00:05]} Kd6 {[%emt 0:00:05]} 54. Nxb5+ {[%emt 0:00:05]} Nxb5+ {[%emt 0:00:02]} 55. Kc4 {[%emt 0:00:04]} 1/2-1/2

[Event "European Online Club-ch-B 2021"]
[Site "Online"]
[Date "2021.03.27"]
[Round "4.20"]
[White "Riff, Jean-Noel"]
[Black "Engel, Luis"]
[Result "1-0"]
[WhiteElo "2499"]
[BlackElo "2553"]
[Annotator "ChessBase"]
[PlyCount "119"]
[EventDate "2021.03.27"]
[EventType "team-tourn"]
[EventCountry "NET"]
[SourceTitle "playchess.com"]
[Source "ChessBase"]
[SourceQuality "1"]
[TimeControl "900+5"]

1. e4 {[%emt 0:00:00]} c5 {[%emt 0:00:03]} 2. Nf3 {[%emt 0:00:02]} d6 {[%emt 0:00:01]} 3. d4 {[%emt 0:00:01]} cxd4 {[%emt 0:00:00]} 4. Nxd4 {[%emt 0:00:02]} Nf6 {[%emt 0:00:01]} 5. Nc3 {[%emt 0:00:01]} Nc6 {[%emt 0:00:01]} 6. Bg5 {[%emt 0:00:10]} e6 {[%emt 0:00:02]} 7. Qd2 {[%emt 0:00:02]} a6 {[%emt 0:00:01]} 8. O-O-O {[%emt 0:00:02]} Bd7 {[%emt 0:00:03]} 9. f4 {[%emt 0:00:06]} Be7 {[%emt 0:00:04]} 10. Nf3 {[%emt 0:00:05]} b5 {[%emt 0:00:03]} 11. Kb1 {[%emt 0:00:02]} b4 {[%emt 0:00:44]} 12. Bxf6 {[%emt 0:00:03]} Bxf6 {[%emt 0:00:54]} 13. Ne2 {[%emt 0:00:04]} Be7 {[%emt 0:00:35]} 14. f5 {[%emt 0:00:03]} exf5 {[%emt 0:01:26]} 15. exf5 {[%emt 0:00:03]} Bxf5 {[%emt 0:01:05]} 16. Qd5 {[%emt 0:00:03]} Qc8 {[%emt 0:01:04]} 17. Ned4 {[%emt 0:01:35]} Bd7 {[%emt 0:01:01]} 18. Qe4 {[%emt 0:00:30]} Ra7 {[%emt 0:02:14]} 19. Bd3 {[%emt 0:00:29]} Kf8 {[%emt 0:00:20]} 20. Qf4 {[%emt 0:01:53]} Nxd4 {[%emt 0:00:52]} 21. Nxd4 {[%emt 0:00:04]} Qc5 {[%emt 0:00:04]} 22. Rhe1 {[%emt 0:00:21]} h5 {[%emt 0:00:34]} 23. Nb3 {[%emt 0:00:11]} Qb6 {[%emt 0:00:38]} 24. Bc4 {[%emt 0:00:05]} Be8 {[%emt 0:00:12]} 25. Rf1 {[%emt 0:00:11]} Rh6 {[%emt 0:00:20]} 26. Bd5 {[%emt 0:00:57]} Bf6 {[%emt 0:00:12]} 27. Nd4 {[%emt 0:00:26]} Bxd4 {[%emt 0:00:25]} 28. Qxd4 {[%emt 0:00:01]} Qxd4 {[%emt 0:00:03]} 29. Rxd4 {[%emt 0:00:03]} a5 {[%emt 0:00:01]} 30. Rc4 {[%emt 0:00:02]} Re7 {[%emt 0:00:08]} 31. Rc8 {[%emt 0:00:05]} Rf6 {[%emt 0:00:03]} 32. Rd1 {[%emt 0:00:03]} Rf2 {[%emt 0:00:23]} 33. Bf3 {[%emt 0:00:07]} g5 {[%emt 0:00:22]} 34. a3 {[%emt 0:00:17]} g4 {[%emt 0:00:04]} 35. Ba8 {[%emt 0:00:03]} bxa3 {[%emt 0:00:07]} 36. bxa3 {[%emt 0:00:01]} Kg7 {[%emt 0:00:04]} 37. Rxd6 {[%emt 0:00:08]} Re5 {[%emt 0:00:18]} 38. Rd5 {[%emt 0:00:52]} Rxd5 {[%emt 0:00:24]} 39. Bxd5 {[%emt 0:00:02]} Bd7 {[%emt 0:00:20]} 40. Rc7 {[%emt 0:00:02]} Ba4 {[%emt 0:00:19]} 41. c4 {[%emt 0:00:22]} Bb3 {[%emt 0:00:14]} 42. Rd7 {[%emt 0:00:21]} Ba4 {[%emt 0:00:58]} 43. Ra7 {[%emt 0:00:04]} Bc2+ {[%emt 0:00:04]} 44. Kc1 {[%emt 0:00:06]} Bd3 {[%emt 0:00:08]} 45. Rxa5 {[%emt 0:00:12]} f5 {[%emt 0:00:03]} 46. c5 {[%emt 0:00:06]} h4 {[%emt 0:00:10]} 47. c6 {[%emt 0:00:02]} Rc2+ {[%emt 0:00:08]} 48. Kd1 {[%emt 0:00:02]} h3 {[%emt 0:00:03]} 49. gxh3 {[%emt 0:00:05]} gxh3 {[%emt 0:00:00]} 50. Ra7+ {[%emt 0:00:04]} Kf6 {[%emt 0:00:02]} 51. c7 {[%emt 0:00:01]} Ke5 {[%emt 0:00:16]} 52. Bb3 {[%emt 0:00:09]} Rc6 {[%emt 0:00:39]} 53. Ba4 {[%emt 0:00:03]} Rc5 {[%emt 0:00:26]} 54. Ra5 {[%emt 0:00:10]} Rxa5 {[%emt 0:00:06]} 55. c8=Q {[%emt 0:00:02]} Kd4 {[%emt 0:00:10]} 56. Qd8+ {[%emt 0:00:02]} Rd5 {[%emt 0:00:01]} 57. Qf6+ {[%emt 0:00:06]} Ke3 {[%emt 0:00:05]} 58. Qg5+ {[%emt 0:00:11]} Kd4 {[%emt 0:00:17]} 59. Bb3 {[%emt 0:00:13]} Rb5 {[%emt 0:00:10]} 60. Bc2 {[%emt 0:00:15]} 1-0

[Event "European Online Club-ch-B 2021"]
[Site "Online"]
[Date "2021.03.27"]
[Round "5.1"]
[White "Edouard, Romain"]
[Black "Chlpik, Martin"]
[Result "1-0"]
[WhiteElo "2614"]
[BlackElo "2199"]
[Annotator "ChessBase"]
[PlyCount "65"]
[EventDate "2021.03.27"]
[EventType "team-tourn"]
[EventCountry "NET"]
[SourceTitle "playchess.com"]
[Source "ChessBase"]
[SourceQuality "1"]
[TimeControl "900+5"]

1. d4 {[%emt 0:00:00]} Nf6 {[%emt 0:00:05]} 2. c4 {[%emt 0:00:03]} c5 {[%emt 0:00:02]} 3. d5 {[%emt 0:00:06]} e6 {[%emt 0:00:02]} 4. Nc3 {[%emt 0:00:02]} exd5 {[%emt 0:00:02]} 5. cxd5 {[%emt 0:00:00]} d6 {[%emt 0:00:01]} 6. e4 {[%emt 0:00:01]} g6 {[%emt 0:00:02]} 7. f4 {[%emt 0:00:01]} Bg7 {[%emt 0:00:08]} 8. Bb5+ {[%emt 0:00:02]} Nfd7 {[%emt 0:00:02]} 9. Nf3 {[%emt 0:00:03]} a6 {[%emt 0:00:04]} 10. Bd3 {[%emt 0:00:02]} b5 {[%emt 0:00:05]} 11. O-O {[%emt 0:00:01]} O-O {[%emt 0:00:09]} 12. a3 {[%emt 0:00:03]} Re8 {[%emt 0:00:28]} 13. Kh1 {[%emt 0:00:05]} Nf6 {[%emt 0:01:29]} 14. f5 {[%emt 0:00:39]} Nbd7 {[%emt 0:03:06]} 15. Bg5 {[%emt 0:00:13]} Qb6 {[%emt 0:00:44]} 16. Qe1 {[%emt 0:00:12]} b4 {[%emt 0:01:38]} 17. axb4 {[%emt 0:00:10]} cxb4 {[%emt 0:00:02]} 18. Na4 {[%emt 0:00:02]} Qc7 {[%emt 0:00:03]} 19. Qh4 {[%emt 0:00:32]} a5 {[%emt 0:00:38]} 20. Rac1 {[%emt 0:00:37]} Qb8 {[%emt 0:00:36]} 21. Nd4 {[%emt 0:00:07]} Ba6 {[%emt 0:00:15]} 22. Nc6 {[%emt 0:00:11]} Qb7 {[%emt 0:00:09]} 23. Bxa6 {[%emt 0:00:03]} Qxa6 {[%emt 0:00:12]} 24. fxg6 {[%emt 0:00:00]} Rxe4 {[%emt 0:01:57]} 25. gxf7+ {[%emt 0:00:17]} Kh8 {[%emt 0:00:02]} 26. Qg3 {[%emt 0:00:35]} Qb5 {[%emt 0:01:32]} 27. Bxf6 {[%emt 0:00:28]} Nxf6 {[%emt 0:00:05]} 28. Qxd6 {[%emt 0:00:05]} Qxa4 {[%emt 0:03:07]} 29. Rxf6 {[%emt 0:00:32]} Bf8 {[%emt 0:00:01]} 30. Qg3 {[%emt 0:00:20]} Bg7 {[%emt 0:00:03]} 31. Re6 {[%emt 0:00:06]} Rxe6 {[%emt 0:00:30]} 32. dxe6 {[%emt 0:00:00]} Bf6 {[%emt 0:00:14]} 33. Nb8 {[%emt 0:00:11]} 1-0

[Event "European Online Club-ch-B 2021"]
[Site "Online"]
[Date "2021.03.27"]
[Round "5.2"]
[White "Solcan, Martin"]
[Black "Fontaine, Robert"]
[Result "0-1"]
[WhiteElo "2076"]
[BlackElo "2550"]
[Annotator "ChessBase"]
[PlyCount "242"]
[EventDate "2021.03.27"]
[EventType "team-tourn"]
[EventCountry "NET"]
[SourceTitle "playchess.com"]
[Source "ChessBase"]
[SourceQuality "1"]
[TimeControl "900+5"]

1. g3 {[%emt 0:00:00]} d5 {[%emt 0:00:03]} 2. Bg2 {[%emt 0:00:02]} c6 {[%emt 0:00:01]} 3. d3 {[%emt 0:00:05]} Nf6 {[%emt 0:00:02]} 4. Nf3 {[%emt 0:00:02]} Bg4 {[%emt 0:00:02]} 5. O-O {[%emt 0:00:02]} Nbd7 {[%emt 0:00:03]} 6. c4 {[%emt 0:00:02]} e6 {[%emt 0:00:01]} 7. a3 {[%emt 0:00:06]} Bd6 {[%emt 0:00:10]} 8. Nbd2 {[%emt 0:00:09]} O-O {[%emt 0:00:04]} 9. b4 {[%emt 0:00:08]} a5 {[%emt 0:00:03]} 10. Rb1 {[%emt 0:00:24]} axb4 {[%emt 0:00:02]} 11. axb4 {[%emt 0:00:01]} Qe7 {[%emt 0:00:06]} 12. Qb3 {[%emt 0:00:27]} e5 {[%emt 0:00:06]} 13. h3 {[%emt 0:02:26]} Be6 {[%emt 0:00:34]} 14. Ng5 {[%emt 0:00:20]} b5 {[%emt 0:01:02]} 15. Nxe6 {[%emt 0:00:48]} fxe6 {[%emt 0:00:05]} 16. Nf3 {[%emt 0:00:39]} Rfb8 {[%emt 0:00:37]} 17. c5 {[%emt 0:00:34]} Bc7 {[%emt 0:00:03]} 18. Bb2 {[%emt 0:00:05]} Qe8 {[%emt 0:01:30]} 19. Ra1 {[%emt 0:00:33]} Rxa1 {[%emt 0:00:04]} 20. Rxa1 {[%emt 0:00:03]} Ra8 {[%emt 0:00:01]} 21. Rxa8 {[%emt 0:00:25]} Qxa8 {[%emt 0:00:02]} 22. Qa3 {[%emt 0:00:01]} Qxa3 {[%emt 0:00:41]} 23. Bxa3 {[%emt 0:00:03]} Kf7 {[%emt 0:00:01]} 24. Nd2 {[%emt 0:00:49]} Ke7 {[%emt 0:00:25]} 25. e4 {[%emt 0:00:09]} Nb8 {[%emt 0:00:12]} 26. Kf1 {[%emt 0:00:35]} Na6 {[%emt 0:00:03]} 27. Ke2 {[%emt 0:00:11]} g5 {[%emt 0:00:12]} 28. Nb3 {[%emt 0:00:29]} Kd7 {[%emt 0:00:07]} 29. Kd2 {[%emt 0:00:24]} Ke7 {[%emt 0:00:07]} 30. Ke2 {[%emt 0:00:01]} Nd7 {[%emt 0:00:02]} 31. Kd2 {[%emt 0:00:18]} Kf6 {[%emt 0:00:02]} 32. Ke2 {[%emt 0:00:08]} Bd8 {[%emt 0:00:02]} 33. Kd2 {[%emt 0:00:06]} Nf8 {[%emt 0:00:03]} 34. Ke2 {[%emt 0:00:03]} Ng6 {[%emt 0:00:06]} 35. Kd2 {[%emt 0:00:17]} h5 {[%emt 0:00:06]} 36. Ke2 {[%emt 0:00:08]} Ke7 {[%emt 0:00:19]} 37. Kd2 {[%emt 0:00:04]} Kd7 {[%emt 0:00:01]} 38. Ke2 {[%emt 0:00:01]} Be7 {[%emt 0:00:12]} 39. Kd2 {[%emt 0:00:07]} Kc7 {[%emt 0:00:23]} 40. Ke2 {[%emt 0:00:02]} Nf8 {[%emt 0:00:03]} 41. Kd2 {[%emt 0:00:02]} h4 {[%emt 0:00:05]} 42. Ke2 {[%emt 0:00:06]} Nd7 {[%emt 0:00:02]} 43. Bf3 {[%emt 0:00:27]} Nf6 {[%emt 0:00:16]} 44. Kd2 {[%emt 0:00:23]} Kd7 {[%emt 0:00:12]} 45. Ke2 {[%emt 0:00:08]} Nc7 {[%emt 0:00:08]} 46. Bb2 {[%emt 0:00:13]} Na6 {[%emt 0:00:02]} 47. Ba3 {[%emt 0:00:03]} Bd8 {[%emt 0:00:25]} 48. Kd2 {[%emt 0:00:05]} Bc7 {[%emt 0:00:02]} 49. Ke2 {[%emt 0:00:07]} Bb8 {[%emt 0:00:02]} 50. Kd2 {[%emt 0:00:05]} Nc7 {[%emt 0:00:08]} 51. Bb2 {[%emt 0:00:13]} Nce8 {[%emt 0:00:05]} 52. Ke2 {[%emt 0:00:10]} Ng7 {[%emt 0:00:03]} 53. Bc1 {[%emt 0:00:14]} Nh7 {[%emt 0:00:04]} 54. Kd2 {[%emt 0:00:27]} Bc7 {[%emt 0:00:06]} 55. Ke2 {[%emt 0:00:02]} Bd8 {[%emt 0:00:02]} 56. Kd1 {[%emt 0:00:14]} Bf6 {[%emt 0:00:30]} 57. Ke2 {[%emt 0:00:09]} Ne8 {[%emt 0:00:22]} 58. Kd1 {[%emt 0:00:05]} Nc7 {[%emt 0:00:07]} 59. Ke2 {[%emt 0:00:04]} Na6 {[%emt 0:00:04]} 60. Ba3 {[%emt 0:00:01]} Bg7 {[%emt 0:00:09]} 61. Kd2 {[%emt 0:00:12]} Nf6 {[%emt 0:00:08]} 62. Ke2 {[%emt 0:00:04]} Bh6 {[%emt 0:00:02]} 63. Kd1 {[%emt 0:00:06]} g4 {[%emt 0:00:46]} 64. hxg4 {[%emt 0:00:13]} h3 {[%emt 0:01:24]} 65. Ke2 {[%emt 0:00:08]} h2 {[%emt 0:00:11]} 66. Nd2 {[%emt 0:01:54]} Nxg4 {[%emt 0:00:30]} 67. Nb3 {[%emt 0:00:47]} Bg5 {[%emt 0:00:28]} 68. Bh1 {[%emt 0:01:37]} Nc7 {[%emt 0:00:16]} 69. Bb2 {[%emt 0:00:09]} Na6 {[%emt 0:01:12]} 70. Ba3 {[%emt 0:00:04]} Kc7 {[%emt 0:00:10]} 71. Bf3 {[%emt 0:00:09]} Nb8 {[%emt 0:00:07]} 72. Bb2 {[%emt 0:00:07]} Nd7 {[%emt 0:00:01]} 73. Bc1 {[%emt 0:00:19]} Bxc1 {[%emt 0:00:07]} 74. Nxc1 {[%emt 0:00:01]} Nb8 {[%emt 0:00:01]} 75. Bg2 {[%emt 0:00:04]} Na6 {[%emt 0:00:03]} 76. Na2 {[%emt 0:00:01]} Kd7 {[%emt 0:00:06]} 77. f3 {[%emt 0:00:09]} Nf6 {[%emt 0:00:03]} 78. Kf2 {[%emt 0:00:09]} Nh5 {[%emt 0:00:05]} 79. Bh1 {[%emt 0:00:06]} Ke7 {[%emt 0:00:10]} 80. Kg2 {[%emt 0:00:02]} Kf6 {[%emt 0:00:01]} 81. Kxh2 {[%emt 0:00:01]} Kg5 {[%emt 0:00:01]} 82. Kg2 {[%emt 0:00:20]} Nf6 {[%emt 0:00:06]} 83. Kf2 {[%emt 0:00:03]} Nc7 {[%emt 0:00:21]} 84. Bg2 {[%emt 0:00:08]} Nd7 {[%emt 0:00:07]} 85. Bh3 {[%emt 0:00:05]} Nf8 {[%emt 0:00:02]} 86. Nc3 {[%emt 0:00:08]} d4 {[%emt 0:00:06]} 87. Na2 {[%emt 0:00:03]} Ng6 {[%emt 0:00:08]} 88. Nc1 {[%emt 0:00:05]} Kf6 {[%emt 0:00:04]} 89. Na2 {[%emt 0:00:04]} Kg5 {[%emt 0:00:19]} 90. Nc1 {[%emt 0:00:05]} Nh8 {[%emt 0:00:01]} 91. Na2 {[%emt 0:00:11]} Nf7 {[%emt 0:00:04]} 92. Nc1 {[%emt 0:00:02]} Nd8 {[%emt 0:00:07]} 93. Na2 {[%emt 0:00:03]} Na6 {[%emt 0:00:03]} 94. Bg4 {[%emt 0:00:03]} Kf6 {[%emt 0:00:08]} 95. f4 {[%emt 0:00:06]} Nb7 {[%emt 0:00:09]} 96. Bh5 {[%emt 0:00:07]} Nd8 {[%emt 0:00:07]} 97. Be8 {[%emt 0:00:06]} Nc7 {[%emt 0:00:07]} 98. Bh5 {[%emt 0:00:03]} exf4 {[%emt 0:00:02]} 99. gxf4 {[%emt 0:00:01]} e5 {[%emt 0:00:00]} 100. Kf3 {[%emt 0:00:20]} Nde6 {[%emt 0:00:04]} 101. f5 {[%emt 0:00:10]} Nf4 {[%emt 0:00:04]} 102. Bg4 {[%emt 0:00:11]} Nxd3 {[%emt 0:00:02]} 103. Ke2 {[%emt 0:00:02]} Nf4+ {[%emt 0:00:03]} 104. Kf3 {[%emt 0:00:02]} Na6 {[%emt 0:00:01]} 105. Kg3 {[%emt 0:00:04]} Nd3 {[%emt 0:00:06]} 106. Bh5 {[%emt 0:00:05]} Naxb4 {[%emt 0:00:07]} 107. Nxb4 {[%emt 0:00:05]} Nxb4 {[%emt 0:00:01]} 108. Be8 {[%emt 0:00:02]} Ke7 {[%emt 0:00:02]} 109. Bh5 {[%emt 0:00:06]} Nd3 {[%emt 0:00:02]} 110. Kf3 {[%emt 0:00:11]} Nxc5 {[%emt 0:00:06]} 111. Bg6 {[%emt 0:00:04]} Nd3 {[%emt 0:00:05]} 112. Bh7 {[%emt 0:00:06]} c5 {[%emt 0:00:03]} 113. Ke2 {[%emt 0:00:02]} Nf4+ {[%emt 0:00:02]} 114. Kd2 {[%emt 0:00:02]} Kf8 {[%emt 0:00:09]} 115. f6 {[%emt 0:00:10]} Kf7 {[%emt 0:00:04]} 116. Bf5 {[%emt 0:00:03]} c4 {[%emt 0:00:13]} 117. Bd7 {[%emt 0:00:07]} c3+ {[%emt 0:00:03]} 118. Kc2 {[%emt 0:00:02]} b4 {[%emt 0:00:02]} 119. Bb5 {[%emt 0:00:09]} d3+ {[%emt 0:00:07]} 120. Kb3 {[%emt 0:00:05]} Kxf6 {[%emt 0:00:05]} 121. Kxb4 {[%emt 0:00:02]} c2 {[%emt 0:00:03]} 0-1